Diseño de convertidores de potencia para la implementación en una vivienda con alimentación DC
שמור ב:
| מחבר ראשי: | |
|---|---|
| מחברים אחרים: | |
| פורמט: | ספר |
| שפה: | Spanish |
| יצא לאור: |
[San José], Costa Rica
2015
|
| נושאים: | |
| תגים: |
הוספת תג
אין תגיות, היה/י הראשונ/ה לתייג את הרשומה!
|
MARC
| LEADER | 00000nam a22000007a 4500 | ||
|---|---|---|---|
| 003 | 012154 | ||
| 005 | 20230824135215.0 | ||
| 008 | 150708b2015 cr a|||| |||| 00| ||spa d | ||
| 040 | |c cru CEDI | ||
| 090 | |a TFG 7319 | ||
| 100 | |9 1196 |a Acuña Murillo, Luis Alonso, 1988- | ||
| 245 | |a Diseño de convertidores de potencia para la implementación en una vivienda con alimentación DC | ||
| 260 | |a [San José], Costa Rica |c 2015 | ||
| 300 | |a xvi, 115 hojas : ilustraciones (algunas a color) | ||
| 500 | |a Proyecto de graduación (bachillerato en ingeniería eléctrica)-- Universidad de Costa Rica. Facultad de Ingeniería. Escuela de Ingeniería Eléctrica | ||
| 501 | |a Profesor Guía de IE-0499 Proyecto Eléctrico: Ing. Juan Manuel Arteaga Sáenz, M.Sc | ||
| 650 | |x CIRCUITOS INTEGRADOS |x MICROELECTRONICA |x SISTEMAS DE CONTROL |x METODOS DE SIMULACION |x DISEÑO DE CIRCUITOS ELECTRONICOS |x CIRCUITOS ELECTRONICOS |9 820 | ||
| 700 | |9 1198 |a Arteaga Sáenz, Juan Manuel , 1985- |d Director de Proyecto Eléctrico | ||
| 942 | |c CEDI | ||
| 999 | |c 13859 |d 13859 | ||
